000 01167nam a2200265 i 4500
001 164321
003 ES-MaACL
005 20230906212920.0
008 040831s1839 fr ac |||| | fre d
040 _aCAM
_bspa
_cCAM
100 1 _aSaint-Hilaire, Emile Marco de.
_9132286
245 1 0 _aEntretiens sur la vie de Napoléon
_b: depuis sa naissance jusqu'a sa mort /
_crecueillis par Emile Marco de St-Hilaire.
260 _aParis ;
_aPitois-Levrault et C., libraires,
_c1839 (
_fImprimerie d'Hippolyte Tilliard)
300 _a144, 144 p., [2] h. de lám. ;
_c14 cm.
490 1 _aMaitre Pierre ou Le savant de village
490 1 _aBibliothèque de l'instruction populaire ;
_v42 ; 43
597 _aEnc. 2 t. en 1 v.
598 _aSegunda serie tomada de la BN Opale-Plus.
600 0 4 _aNapoleón
_bI
_c, Emperador de Francia.
_984910
740 0 1 _aMaitre Pierre ou Le savant de village.
830 0 _aMaitre Pierre ou Le savant de village
_9187710
830 0 _aBibliothèque de l'instruction populaire ;
_v42 ; 43
_9187711
852 _aES-MaACL
_jD-5198(1-2)
_z-- Enc. hol.
_x-- Edic.: en el lomo consta : Instruction populaire
999 _c164321
_d164321